Science, Technology and Export - the EU Case
Skúmanie vplyvu vedy a technológií na vývoz high-tech tovaru členských štátov EÚ. Vplyv vedeckého a technologického pokroku na ekonomiku. Použitie ekonometrických a štatistických metód.
Guardado en:
| Autor principal: | |
|---|---|
| Otros Autores: | |
| Formato: | Capítulo de libro |
| Lenguaje: | inglés |
| Materias: | |
| Etiquetas: |
Sin Etiquetas, Sea el primero en etiquetar este registro!
|
MARC
| LEADER | 00000naa$a2200000$$$4500 | ||
|---|---|---|---|
| 001 | 0262964 | ||
| 005 | 20240502083755.7 | ||
| 041 | 0 | |a eng | |
| 044 | |a CH | ||
| 245 | 1 | 0 | |a Science, Technology and Export - the EU Case |c Zuzana Kittová, Dušan Steinhauser |
| 520 | |a Skúmanie vplyvu vedy a technológií na vývoz high-tech tovaru členských štátov EÚ. Vplyv vedeckého a technologického pokroku na ekonomiku. Použitie ekonometrických a štatistických metód. | ||
| 610 | 2 | 0 | |a technológie nové |
| 610 | 2 | 0 | |a veda |
| 610 | 2 | 0 | |a pokrok vedeckotechnický |
| 610 | 2 | 0 | |a vývoz |
| 610 | 2 | 0 | |a Európska únia |
| 100 | 1 | |a Kittová, Zuzana, 1975- | |
| 700 | 1 | |a Steinhauser, Dušan, 1988- | |